00646nam a2200193Ia 4500008004100000020001400041082001600055100003800071245008000109250000800189260003700197300003000234500001900264600002000283650002000303942000700323952010700330999001500437240925s9999 xx 000 0 und d a205174450 a371.909 DET aDettmer ,Peggy A.; Dyck ,Norma T. 0aConsultation, Collaboration, and Team Work: for students with special needs a2nd aBoston:bAllyn and Baconc,1996. axviii,332p.bNAfOriginal aIncludes Index aSocial Sciences aSocial Sciences cBK 001040708SSaUITUbUITUd2000-08-16eNAl0o371.909 DETpQ2728r2024-09-25 07:12:54w2024-09-25yBK c5227d5227